| 000 | 00499 a2200145 4500 | ||
|---|---|---|---|
| 005 | 20250618100302.0 | ||
| 020 | _a0-471-89134-7 | ||
| 082 | _aLM 727.5 DIB | ||
| 100 | _aDIBERARDINIS, L. J. | ||
| 245 | _aGuidelines for laboratory design: Health and safety considerations. | ||
| 260 |
_aNew York, _bJohn Wiley & Sons, _c1987. |
||
| 300 |
_aix, 285p.: ill.; figure, picture, _bIndex, _c23cm. |
||
| 700 | _aBAUM, J. & FIRST, M. W. & GATWOOD, G. T. & GRODEN, E. SETH, A. K. | ||
| 942 |
_2ddc _cBKS |
||
| 999 |
_c4275 _d4275 |
||